和中国城市为友好城市的英国城市(城市点位地图版) - Statistics

General Stats
  • This quiz has been taken 6 times
  • The average score is 17 of 49
Answers on the Map
Answers color-coded by a green-red scale on the quiz's map according to % correct below.
 
Answer Stats
中方城市所属省份 中方城市 外方城市 % Correct
上海市|北京市 上海市|北京市 伦敦市
100%
广东省|江苏省|吉林省 广州市|南京市|长春市 伯明翰市
100%
浙江省 杭州市 利兹市
100%
上海市 上海市 利物浦市
100%
陕西省|广东省 西安市|深圳市 爱丁堡市
100%
湖北省 武汉市 曼彻斯特市
100%
广东省 广州市 布里斯托尔市
100%
山东省 青岛市 南安普敦市
100%
辽宁省 大连市 格拉斯哥市
80%
四川省|辽宁省 成都市|鞍山市 谢菲尔德市
80%
安徽省|辽宁省 合肥市|沈阳市 贝尔法斯特市
80%
福建省 厦门市 加的夫市
80%
河南省 河南省 纽卡斯尔市
80%
浙江省 宁波市 诺丁汉市
60%
湖北省|江苏省 武汉市|南通市 斯旺西市
60%
重庆市 重庆市 莱斯特市
40%
山东省 济南市 考文垂市
40%
广东省 珠海市 朴茨茅斯市
40%
山东省 淄博市 伯恩茅斯市
40%
海南省 三亚市 黑池市
40%
辽宁省 丹东市 唐克斯特市
40%
广东省 肇庆市 博尔顿市
20%
黑龙江省 哈尔滨市 桑德兰市
20%
河南省 漯河市 伊普斯威奇市
20%
广西壮族自治区 梧州市 纽波特市
20%
广西壮族自治区 贺州市 伍斯特市
20%
江西省|河北省 南昌市|唐山市 林肯市
20%
青海省 西宁市 普雷斯顿市
20%
海南省 海口市 柏斯市
20%
江苏省 苏州市太仓市 威勒尔市
0%
江西省 九江市 红桥市
0%
广东省 佛山市禅城区 梅德韦市
0%
安徽省 蚌埠市 坦姆赛德市
0%
江西省 鹰潭市月湖区 卡尔德达尔市
0%
安徽省 铜陵市 哈尔顿市
0%
江苏省 扬州市 科切斯特市
0%
陕西省 宝鸡市 斯托克波特市
0%
山东省 威海市 切尔滕纳姆市
0%
山东省 烟台市 安格斯市
0%
江苏省 无锡市锡山区 奥尔德姆市
0%
江苏省 无锡市 切姆斯福德市
0%
江苏省 常州市 索利哈尔市
0%
广西壮族自治区 钦州市 圣海伦斯市
0%
湖北省 襄阳市 威克菲尔德市
0%
山西省 大同市 贝利市
0%
山西省 阳泉市 切斯特菲尔德市
0%
河北省 石家庄市 科比市
0%
甘肃省 兰州市 乔利市
0%
广西壮族自治区 南宁市 诺斯利市
0%
No matching quizzes found
Score Distribution
Percent of People with Each Score
Percentile by Number Answered
Your Score History
You have not taken this quiz